| 000 | 00853nam a2200205Ia 4500 | ||
|---|---|---|---|
| 003 | OSt | ||
| 005 | 20250627124019.0 | ||
| 008 | 191128s1989 ck er 000 p spa d | ||
| 040 |
_aCO-JMCR _cCO-JMCR |
||
| 041 | _aspa | ||
| 082 | 0 | 4 |
_aA-P _bGAMp |
| 100 | 1 |
_aGamboa, Octavio, _d1989 _eautor _98779 |
|
| 245 | 1 | 0 |
_aPalabra en tiempo / _cOctavio Gamboa |
| 260 |
_aCali : _bEditorial Pacífico ; _c1989 |
||
| 300 |
_a160 páginas ; _c22 cm. |
||
| 500 | _aIncluye fotografía y datos biográficos del autor en solapa frontal y posterior | ||
| 505 | _aLa poesía de Octavio Gamboa -- Palabra en el tiempo -- El otoño -- los amantes -- Sueño de las ofrendas -- Gilberto Garrido -- Antes de ir a Leningrado -- La parcela -- Cuando tú y yo bebemos vino -- Arké -- La sotana de Cesar Frank -- Eros y tanatos | ||
| 650 | 1 | 4 |
_aPoesía _98780 |
| 942 |
_2ddc _cBK |
||
| 999 |
_c3906 _d3906 |
||